01701nam a2200349 a 4500001001100000003000800011006001900019007001500038008004100053010001700094020002800111040002100139035002000160050002600180082001900206245013100225260006000356300002500416490004700441500016200488504006400650533015200714650005200866650005500918651003900973655002901012700003001041710001701071711009001088830004801178856012501226ebr5004871CaPaEBRm u cr cn|||||||||950411s1995 hiua sb 101 0 eng  z 95017225  z0824817001 (alk. paper) aCaPaEBRcCaPaEBR a(OCoLC)5049051314aDS922.25b.S68 1995eb04a951.9504/322000aSouth Korea's minjung movementh[electronic resource] :bthe culture and politics of dissidence /cedited by Kenneth M. Wells. aHonolulu, Hawaii :bUniversity of Hawaii Press,cc1995. aviii, 247 p. :bill.1 aStudies from the Center for Korean Studies aRevisions of selected papers presented at the International Conference on the Korean Minjung Movement held at Indiana University at Bloomington in Nov. 1989. aIncludes bibliographical references (p. 221-242) and index. aElectronic reproduction.bPalo Alto, Calif. :cebrary,d2013.nAvailable via World Wide Web.nAccess may be limited to ebrary affiliated libraries. 0aPopulismzKorea (South)xHistoryy20th century. 0aNationalismzKorea (South)xHistoryy20th century. 0aKorea (South)xHistoryy1960-1988. 7aElectronic books.2local1 aWells, Kenneth M.,d1953-2 aebrary, Inc.2 aInternational Conference on the Korean Minjung Movementd(1989 :cIndiana University) 0aStudies from the Center for Korean Studies.40uhttp://site.ebrary.com/lib/rucke/Doc?id=5004871zAn electronic book accessible through the World Wide Web; click to view